Llibreria de la Diputació de Barcelona : Edicions municipals : Descobreix llibres únics / Edicions municipals : Descobreix llibres únics /
Descripción Física:
1 bloc de notes 14 x 10 cm
Idioma:
Catalán
MARC
| LEADER | 00000nrm a22000007a 4500 | ||
|---|---|---|---|
| 001 | 25001 | ||
| 008 | 211122b spa||||| |||| 00| 0 cat d | ||
| 080 | |a NBM-12-16 | ||
| 245 | |a Llibreria de la Diputació de Barcelona : |b Edicions municipals : Descobreix llibres únics / |c Llibreria de la Diputació de Barcelona | ||
| 260 | |a Barcelona : |b Diputació de Barcelona ; |c [s.a.] | ||
| 300 | |a 1 bloc de notes |c 14 x 10 cm | ||
| 610 | 0 | |a Barcelona (Catalunya : Província). |b Llibreria |9 52413 | |
| 655 | 0 | |9 54934 |a Llibretes | |
| 710 | |a Barcelona (Catalunya : Província). |b Llibreria |9 52413 | ||
| 942 | |2 udc |c ARXIU |n 1 | ||
| 952 | |0 0 |1 0 |2 udc |4 0 |6 NBM1216 |7 1 |9 60812 |a Arxiu |b Arxiu |d 2021-11-22 |l 0 |o NBM-12-16 |p 25001 |r 2021-11-22 00:00:00 |w 2021-11-22 |y ARXIU | ||
| 999 | |c 80944 |d 80944 | ||